Christmas Valley sand dunes : area of critical environmental concern /

Bibliographic Details
Corporate Author: United States. Bureau of Land Management. Lakeview District (Cartographer)
Format: Government Document Map
Language:English
Published: [Lakeview, Or.] : U.S. Department of the Interior, Bureau of Land Management, Lakeview District, 2005.
Subjects:
Online Access:https://purl.fdlp.gov/GPO/gpo79026

MARC

Tag First Indicator Second Indicator Subfields
LEADER 00000cem a2200000 i 4500
001 in00003838621
005 20211120182019.0
006 m o d f
007 aj aznzn
007 cr cn|||||||||
008 170329s2005 oru a fo 0 eng c
034 1 |a a  |b 75000 
035 |a (OCoLC)ocn979994729 
040 |a GPO  |b eng  |e rda  |e pn  |c GPO  |d MvI  |d UtOrBLW 
043 |a n-us-or 
049 |a WWW 
052 |a 4294  |b C413 
074 |a 0633-A-04 (online) 
086 0 |a I 53.33/2:C 46/2005 
110 1 |a United States.  |b Bureau of Land Management.  |b Lakeview District,  |e cartographer.  |0 http://id.loc.gov/authorities/names/n81037699 
245 1 0 |a Christmas Valley sand dunes :  |b area of critical environmental concern /  |c BLM Lakeview District. 
255 |a Scale approximately 1:75,000. 
264 1 |a [Lakeview, Or.] :  |b U.S. Department of the Interior, Bureau of Land Management, Lakeview District,  |c 2005. 
300 |a 1 map :  |b color ;  |c 21 x 19 cm, on sheet 23 x 30 cm, folded to 23 x 10 cm 
336 |a cartographic image  |b cri  |2 rdacontent 
337 |a computer  |b c  |2 rdamedia 
338 |a online resource  |b cr  |2 rdacarrier 
500 |a "BLM/OR/WA/GI-05/033+1122.32." 
500 |a Includes text and location maps. 
500 |a Text and color illustrations on verso. 
588 |a Description based on online resource; title from PDF title page (BLM, viewed Mar. 29, 2017). 
650 0 |a Sand dunes  |z Oregon  |z Christmas Valley  |v Maps. 
650 0 |a Outdoor recreation  |z Oregon  |z Christmas Valley  |v Maps. 
650 0 |a Off-road vehicles  |z Oregon  |z Christmas Valley  |v Maps. 
651 0 |a Christmas Valley (Or.)  |v Maps. 
655 7 |a Tourist maps.  |2 lcgft  |0 http://id.loc.gov/authorities/genreForms/gf2011026699 
856 4 0 |u https://purl.fdlp.gov/GPO/gpo79026  |t 0 
999 f f |s 1c77b9f5-8469-3bc4-9a93-cb3c771c03df  |i fe5fabf7-295e-338a-9465-1db708a94e86  |t 0 
952 f f |a Texas A&M University  |b College Station  |c Electronic Resources  |d Available Online  |t 0  |e I 53.33/2:C 46/2005  |h Superintendent of Documents classification 
998 f f |a I 53.33/2:C 46/2005  |t 0  |l Available Online